| 000 | 00799cam a2200241Ii 4500 | ||
|---|---|---|---|
| 999 |
_c9465 _d9465 |
||
| 001 | 2802145 | ||
| 003 | OCoLC | ||
| 005 | 20241126110712.0 | ||
| 008 | 770314s1973 xxu d 000 0 eng d | ||
| 020 | _a0913686034 | ||
| 020 | _a9780913686034 | ||
| 040 |
_aNJB _beng _cNJB _dOCL _dNCM _dOCLCQ _dOCLCG _dTLE _dOCLCQ _dOCLCF |
||
| 082 |
_a241.03 _bBAK |
||
| 090 |
_aBJ1199 _b.B34 1973b |
||
| 245 | 0 | 0 |
_aBaker's dictionary of Christian ethics / _cCarl F.H. Henry, editor. |
| 246 | 3 | 0 | _aDictionary of Christian ethics |
| 260 |
_a[S.l.] : _bCanon Press, _c1973. |
||
| 300 |
_axxv, 726 p. ; _c25 cm. |
||
| 650 | 0 |
_aChristian ethics _vDictionaries. _914474 |
|
| 650 | 0 |
_aSocial ethics _vDictionaries. _916499 |
|
| 700 | 1 |
_aHenry, Carl F. H. _q(Carl Ferdinand Howard), _d1913-2003, _eeditor. _94020 |
|
| 942 |
_2ddc _cREF |
||